000 00612nam a22002057a 4500
003 OSt
005 20160704151803.0
008 160704b xxu||||| |||| 00| 0 eng d
020 _a9780470558423
040 _cDDC
082 _a658.4 HOL 2010
100 _aHollender, Jeffrey; Breen, Bill
_99932
245 _aThe Responsibility Revolution: how the next generation of businesses will win
260 _aNew Jersey; Jossey-Bass, 2010
300 _axix,214p; ill: 23.5cm
504 _aIndex included
650 _aBusiness management
_96027
650 _aResponsibility Revolution
_99933
942 _2z
_cO_SHELF
999 _c4622
_d4622